[Event "Irish Championship 2019"]
[Site "Dublin IRL"]
[Date "2019.08.03"]
[Round "1.19"]
[White "Murphy, Sean J."]
[Black "Murray, David"]
[Result "0-1"]
[WhiteElo "1875"]
[BlackElo "2126"]
[WhiteICU "1939"]
[BlackICU "2121"]
[WhiteClub "Cork"]
[BlackClub "Gonzaga"]
[WhiteNationality "IRL"]
[BlackNationality "IRL"]
[WhiteFideId "2512742"]
[BlackFideId "2501511"]
[PlyCount "114"]
[Venue "Talbot Hotel, Stillorgan"]
[EventDate "2019.08.03"]
[WhiteFullName "Murphy, Se&aacute;n J."]

{ Event information: <a
href="http://www.irlchess.com/pairings_irlch2019.html">Tournament
report</a>. }

1. d4 Nf6 2. Nc3 d5 3. Bf4 c5 4. e3 cxd4 5. exd4 a6 6. Nf3 Nc6 7. Ne5 Bf5
8. Be2 Qb6 9. Nxc6 bxc6 10. Na4 Qa5+ 11. c3 e6 12. O-O Be7 13. b4 Qd8 14.
Bd3 Bxd3 15. Qxd3 O-O 16. Nc5 Qb6 17. Nb3 Qb5 18. Qe3 Qa4 19. Bg5 Ra7 20.
Bxf6 Bxf6 21. Nc5 Qb5 22. a4 Qb8 23. f4 Be7 24. Rab1 Qc7 25. f5 exf5 26.
Qd3 Bd6 27. Nxa6 Bxh2+ 28. Kh1 Qd6 29. Rxf5 Bg3 30. Rh5 Qg6 31. Qxg6 hxg6
32. Rh3 Rxa6 33. Rxg3 Rxa4 34. b5 Rb8 35. Re1 cxb5 36. Re5 Rd8 37. Rgg5 b4
38. cxb4 Rxb4 39. Rxd5 Rxd4 40. Ra5 Kh7 41. Ra3 Kh6 42. Rb5 g5 43. Rb7 R8d7
44. Rb8 g4 45. Kh2 Kg5 46. Rb5+ f5 47. Rb6 R7d6 48. Rb5 Rd3 49. Rxd3 Rxd3
50. g3 Rd2+ 51. Kg1 Kf6 52. Ra5 Ke6 53. Ra7 Rd7 54. Ra5 g5 55. Kf2 Rd2+ 56.
Kg1 Rd5 57. Ra6+ Ke5 0-1

[Event "Irish Championship 2019"]
[Site "Dublin IRL"]
[Date "2019.08.03"]
[Round "1.20"]
[White "O'Connell, Gerard"]
[Black "Moran, Darragh"]
[Result "1-0"]
[WhiteElo "2106"]
[BlackElo "1847"]
[WhiteICU "2052"]
[BlackICU "1828"]
[WhiteClub "St. Benildus"]
[BlackClub "Gonzaga"]
[WhiteNationality "IRL"]
[BlackNationality "IRL"]
[WhiteFideId "2500493"]
[BlackFideId "2510294"]
[PlyCount "85"]
[Venue "Talbot Hotel, Stillorgan"]
[EventDate "2019.08.03"]

{ Event information: <a
href="http://www.irlchess.com/pairings_irlch2019.html">Tournament
report</a>. }

1. d4 d5 2. c4 c6 3. Nc3 Nf6 4. cxd5 cxd5 5. Nf3 Nc6 6. e3 Bf5 7. Be2 e6 8.
Nh4 Bg6 9. Nxg6 hxg6 10. Bf3 Bd6 11. g3 Rc8 12. O-O O-O 13. e4 Nxe4 14.
Nxe4 dxe4 15. Bxe4 Qf6 16. Be3 Rfd8 17. Qa4 Bc7 18. Bxc6 bxc6 19. Qxa7 e5
20. Rad1 exd4 21. Rxd4 Rxd4 22. Bxd4 Be5 23. Bxe5 Qxe5 24. b3 Rd8 25. Qe3
Qb2 26. Rc1 Qxa2 27. Rxc6 Rd1+ 28. Kg2 Qb1 29. Rc4 Rd8 30. Re4 Qd3 31. Re8+
Kh7 32. Rxd8 Qxd8 33. Qe4 Qb6 34. Qc4 Qb7+ 35. Kg1 Kg8 36. b4 Kf8 37. Qc5+
Ke8 38. b5 f6 39. h4 Qe7 40. Qd5 f5 41. b6 Qb4 42. b7 Ke7 43. Qe5+ 1-0

[Event "Irish Championship 2019"]
[Site "Dublin IRL"]
[Date "2019.08.04"]
[Round "2.1"]
[White "Collins, Sam"]
[Black "Kanyamarala, Trisha"]
[Result "1-0"]
[WhiteTitle "IM"]
[WhiteElo "2448"]
[BlackElo "2238"]
[WhiteICU "2422"]
[BlackICU "1990"]
[WhiteClub "Gonzaga"]
[WhiteNationality "IRL"]
[BlackNationality "IRL"]
[WhiteFideId "2501198"]
[BlackFideId "45004722"]
[PlyCount "135"]
[Venue "Talbot Hotel, Stillorgan"]
[EventDate "2019.08.03"]

{ Event information: <a
href="http://www.irlchess.com/pairings_irlch2019.html">Tournament
report</a>. }

1. c4 e6 2. Nf3 d5 3. g3 Nf6 4. Bg2 dxc4 5. Qa4+ Nbd7 6. Qxc4 a6 7. Qb3 Bd6
8. a4 O-O 9. O-O e5 10. d3 Rb8 11. a5 Nc5 12. Qc2 Ne6 13. e3 b5 14. d4 exd4
15. Nxd4 Nxd4 16. exd4 Be6 17. Qc6 Bc8 18. Rd1 Bg4 19. Re1 Bb4 20. Nc3 Bc8
21. Bf4 Bd6 22. Bxd6 cxd6 23. Ne4 Nxe4 24. Qxe4 Be6 25. Qc6 Bc8 26. Rac1
Qxa5 27. Qxd6 Bf5 28. d5 Rbd8 29. Qf4 Bd7 30. Re7 Qa2 31. Qe5 Bg4 32. h3
Bd7 33. Kh2 b4 34. Rc7 Bb5 35. d6 Bc4 36. Qd4 Be6 37. Qxb4 a5 38. Qd4 Qb3
39. Rb7 Qa2 40. h4 h6 41. Qe5 a4 42. f4 a3 43. bxa3 Bc4 44. Qc3 Be6 45. Rb2
Qa1 46. f5 Rc8 47. Rc7 Bxf5 48. Rxc8 Bxc8 49. Rc2 Qxc3 50. Rxc3 Rd8 51. a4
Ba6 52. Rc6 Bb7 53. Rb6 Bxg2 54. Kxg2 Kf8 55. a5 Ke8 56. a6 Kd7 57. a7 Ra8
58. Rb7+ Kxd6 59. Rxf7 g5 60. hxg5 hxg5 61. Kf3 Ke6 62. Rb7 Kd5 63. Rb5+
Kc6 64. Ra5 Kb6 65. Ra3 Kb7 66. Kg4 Kc6 67. Kxg5 Kb7 68. Kf6 1-0

[Event "Irish Championship 2019"]
[Site "Dublin IRL"]
[Date "2019.08.04"]
[Round "2.2"]
[White "Moran, Stephen"]
[Black "Baburin, Alexander"]
[Result "1/2-1/2"]
[BlackTitle "GM"]
[WhiteElo "2186"]
[BlackElo "2432"]
[WhiteICU "2151"]
[BlackICU "2396"]
[WhiteClub "T.C.D."]
[BlackClub "Kilkenny"]
[WhiteNationality "IRL"]
[BlackNationality "IRL"]
[WhiteFideId "2501872"]
[BlackFideId "2500914"]
[PlyCount "84"]
[Venue "Talbot Hotel, Stillorgan"]
[EventDate "2019.08.03"]

{ Event information: <a
href="http://www.irlchess.com/pairings_irlch2019.html">Tournament
report</a>. }

1. d4 d5 2. Bf4 Nf6 3. e3 Bg4 4. Nf3 e6 5. h3 Bxf3 6. Qxf3 Bd6 7. Nd2 Bxf4
8. Qxf4 O-O 9. Bd3 Nbd7 10. O-O c5 11. c3 Qb8 12. Qxb8 Rfxb8 13. b4 cxb4
14. cxb4 Rc8 15. Rfc1 Nb6 16. Kf1 Kf8 17. Ke2 Ke7 18. f3 g5 19. Nb3 Nc4 20.
Nd2 Nxd2 21. Kxd2 h5 22. g4 hxg4 23. hxg4 Ne8 24. Rxc8 Rxc8 25. Rc1 Rxc1
26. Kxc1 Nd6 27. e4 dxe4 28. fxe4 f6 29. Kd2 Nf7 30. Ke3 Kd6 31. Bc2 Nd8
32. Ba4 a6 33. Kd3 Nf7 34. a3 e5 35. d5 Kc7 36. Bc2 Kb6 37. Kc3 Nd6 38. Bd3
Ka7 39. Kd2 b5 40. Kc3 Kb6 41. Kd2 Kc7 42. Ke3 Kb6 1/2-1/2

[Event "Irish Championship 2019"]
[Site "Dublin IRL"]
[Date "2019.08.04"]
[Round "2.3"]
[White "Lopez, Alex"]
[Black "Daly, Colm"]
[Result "1-0"]
[WhiteTitle "IM"]
[BlackTitle "FM"]
[WhiteElo "2431"]
[BlackElo "2213"]
[WhiteICU "2444"]
[BlackICU "2194"]
[WhiteClub "Cork"]
[BlackClub "Bray/Greystones"]
[WhiteNationality "IRL"]
[BlackNationality "IRL"]
[WhiteFideId "2501430"]
[BlackFideId "2500434"]
[PlyCount "80"]
[Venue "Talbot Hotel, Stillorgan"]
[EventDate "2019.08.03"]

{ Event information: <a
href="http://www.irlchess.com/pairings_irlch2019.html">Tournament
report</a>. }

1. Nf3 Nf6 2. d4 e6 3. c4 d5 4. Nc3 c6 5. e3 Nbd7 6. Bd3 dxc4 7. Bxc4 b5 8.
Bd3 Bb7 9. a3 a6 10. b4 Bd6 11. O-O O-O 12. Ng5 a5 13. Nce4 Be7 14. Bd2
Nxe4 15. Nxe4 e5 16. Bc3 exd4 17. Bxd4 g6 18. Qb3 axb4 19. axb4 Qc7 20.
Rfc1 Rxa1 21. Bxa1 Qb8 22. Qb2 f6 23. Qb3+ Rf7 24. Bb1 Nb6 25. Nxf6+ Bxf6
26. Bxf6 Nd5 27. Ba1 Qd6 28. Qb2 Kf8 29. Ba2 Qxb4 30. Qh8+ Ke7 31. Qe5+ Kd7
32. Qb8 Ke6 33. Qe8+ Re7 34. Rxc6+ Bxc6 35. Qxc6+ Kf7 36. Bc3 Qa4 37. Qxd5+
Ke8 38. Bf6 Qb4 39. Qa8+ Kd7 40. Qb7+ Ke8 1-0

[Event "Irish Championship 2019"]
[Site "Dublin IRL"]
[Date "2019.08.04"]
[Round "2.4"]
[White "Quinn, Mark"]
[Black "Wallace, Paul"]
[Result "1-0"]
[WhiteTitle "IM"]
[WhiteElo "2383"]
[BlackElo "2171"]
[WhiteICU "2318"]
[BlackICU "2159"]
[WhiteClub "Kilkenny"]
[BlackClub "Kilkenny"]
[WhiteNationality "IRL"]
[BlackNationality "IRL"]
[WhiteFideId "2500450"]
[BlackFideId "2500892"]
[PlyCount "55"]
[Venue "Talbot Hotel, Stillorgan"]
[EventDate "2019.08.03"]

{ Event information: <a
href="http://www.irlchess.com/pairings_irlch2019.html">Tournament
report</a>. }

1. g3 g6 2. Bg2 Bg7 3. d4 Nf6 4. e4 d6 5. Nc3 e5 6. dxe5 dxe5 7. Qxd8+ Kxd8
8. f4 Nbd7 9. Nf3 c6 10. O-O Ke8 11. a4 a5 12. Kh1 h6 13. Be3 Ke7 14. Bh3
h5 15. Rad1 Ng4 16. Bg1 f6 17. Nd2 Nf8 18. f5 Nd7 19. fxg6 Bh6 20. Nc4 Rg8
21. Rf5 Bg5 22. Bg2 Nh6 23. Rf3 h4 24. gxh4 Bxh4 25. Rfd3 Ra6 26. Nd6 Nb6
27. Bc5 Ke6 28. Bh3+ 1-0

[Event "Irish Championship 2019"]
[Site "Dublin IRL"]
[Date "2019.08.04"]
[Round "2.5"]
[White "Fitzsimons, David"]
[Black "Kanyamarala, Tarun"]
[Result "0-1"]
[WhiteTitle "IM"]
[WhiteElo "2317"]
[BlackElo "2142"]
[WhiteICU "2348"]
[BlackICU "2110"]
[WhiteClub "Elm Mount"]
[WhiteNationality "IRL"]
[BlackNationality "IRL"]
[WhiteFideId "2501961"]
[BlackFideId "45004714"]
[PlyCount "162"]
[Venue "Talbot Hotel, Stillorgan"]
[EventDate "2019.08.03"]

{ Event information: <a
href="http://www.irlchess.com/pairings_irlch2019.html">Tournament
report</a>. }

1. e4 e5 2. Nf3 Nc6 3. Bc4 Bc5 4. O-O d6 5. c3 Nf6 6. d3 h6 7. b4 Bb6 8.
Nbd2 O-O 9. Bb3 a6 10. Bb2 Ne7 11. Qc2 Ng6 12. d4 Qe7 13. Rfe1 Ba7 14. c4
exd4 15. Nxd4 Re8 16. Nf1 a5 17. a3 Ng4 18. Rad1 Bd7 19. c5 dxc5 20. Nf5
Bxf5 21. exf5 N6e5 22. f6 Qxf6 23. bxc5 Qg5 24. Kh1 Qg6 25. Re2 Qxc2 26.
Rxc2 c6 27. h3 Nf6 28. Ne3 Ned7 29. Ng4 Nxg4 30. hxg4 Nxc5 31. Ba2 Rad8 32.
Rxd8 Rxd8 33. Bc3 Ne4 34. Bxa5 Rd1+ 35. Kh2 Bxf2 36. g3 Bxg3+ 37. Kg2 Bd6
38. Re2 Nf6 39. a4 Rd4 40. Bb3 Rxg4+ 41. Kf1 Ne4 42. Re3 Ng3+ 43. Kf2 Ne4+
44. Kf3 Rf4+ 45. Kg2 Rf2+ 46. Kh1 Ng3+ 47. Kg1 Re2 48. Rc3 Rb2 49. Bd1 Bb8
50. Rc2 Rxc2 51. Bxc2 Ne2+ 52. Kf2 Nd4 53. Bd3 Ba7 54. Kg3 b5 55. axb5 cxb5
56. Kf4 Nc6 57. Bd2 b4 58. Be4 Bb8+ 59. Ke3 Ne5 60. Bxb4 g6 61. Bc3 Kg7 62.
Kd4 f5 63. Bc2 Kf6 64. Kd5 h5 65. Bd1 h4 66. Kd4 g5 67. Ke3 Ba7+ 68. Ke2 g4
69. Kf1 h3 70. Be2 Ke6 71. Be1 f4 72. Ba6 Kf5 73. Bc8+ Kg5 74. Bc3 Nf3 75.
Bb4 Nh2+ 76. Ke1 f3 77. Be7+ Kh5 78. Ba6 f2+ 79. Kd2 f1=Q 80. Bxf1 Nxf1+
81. Ke2 Ng3+ 0-1

[Event "Irish Championship 2019"]
[Site "Dublin IRL"]
[Date "2019.08.04"]
[Round "2.6"]
[White "O'Donnell, Conor"]
[Black "O'Connell, Gerard"]
[Result "1-0"]
[WhiteTitle "FM"]
[WhiteElo "2311"]
[BlackElo "2106"]
[WhiteICU "2298"]
[BlackICU "2052"]
[WhiteClub "Gonzaga"]
[BlackClub "St. Benildus"]
[WhiteNationality "IRL"]
[BlackNationality "IRL"]
[WhiteFideId "2504243"]
[BlackFideId "2500493"]
[PlyCount "73"]
[Venue "Talbot Hotel, Stillorgan"]
[EventDate "2019.08.03"]

{ Event information: <a
href="http://www.irlchess.com/pairings_irlch2019.html">Tournament
report</a>. }

1. d4 Nf6 2. c4 g6 3. f3 d5 4. cxd5 Nxd5 5. e4 Nb6 6. Nc3 Bg7 7. Be3 Nc6 8.
d5 Na5 9. Bd4 e5 10. Bc5 Bf8 11. Bxf8 Kxf8 12. Qd2 Kg7 13. Nd1 Nac4 14. Qc3
Nd6 15. Qxe5+ f6 16. Qd4 Re8 17. Ne3 Bf5 18. O-O-O Bxe4 19. fxe4 Rxe4 20.
Qd2 Qe7 21. Nc2 Nbc4 22. Bxc4 Nxc4 23. Qc3 Ne3 24. Nxe3 Rxe3 25. Qc2 Rd8
26. Nf3 Re2 27. Qc4 b5 28. Qc3 b4 29. Qc4 Rxg2 30. Rhe1 Qd7 31. Qxb4 Qf5
32. Nd4 Qf4+ 33. Kb1 Kh6 34. Qc3 Rxh2 35. Ne6 Qf5+ 36. Ka1 Rb8 37. Rh1 1-0

[Event "Irish Championship 2019"]
[Site "Dublin IRL"]
[Date "2019.08.04"]
[Round "2.7"]
[White "O'Connor, Jonathan"]
[Black "Li, Henry"]
[Result "1-0"]
[BlackTitle "FM"]
[WhiteElo "2165"]
[BlackElo "2287"]
[WhiteICU "2099"]
[BlackICU "2248"]
[WhiteClub "Dublin"]
[BlackClub "Gonzaga"]
[WhiteNationality "IRL"]
[BlackNationality "IRL"]
[WhiteFideId "2501112"]
[BlackFideId "2508524"]
[PlyCount "65"]
[Venue "Talbot Hotel, Stillorgan"]
[EventDate "2019.08.03"]

{ Event information: <a
href="http://www.irlchess.com/pairings_irlch2019.html">Tournament
report</a>. }

1. e4 c5 2. Nf3 e6 3. d3 Nc6 4. g3 d5 5. Nbd2 Nf6 6. Bg2 Be7 7. O-O a6 8.
Re1 b5 9. e5 Nd7 10. h4 Qc7 11. Qe2 Bb7 12. Nf1 Rc8 13. c3 b4 14. N1h2 a5
15. Bf4 Ba6 16. c4 Nb6 17. b3 Rd8 18. Rad1 a4 19. Ng4 Bb7 20. Qb2 Nd4 21.
Nxd4 cxd4 22. Bg5 Bxg5 23. hxg5 a3 24. Qd2 Qe7 25. Qf4 Qc7 26. c5 Qxc5 27.
Rc1 Qa5 28. Rc7 Rd7 29. Rec1 Rf8 30. R7c5 Qa7 31. Qxd4 Nc8 32. Rxc8+ Bxc8
33. Rxc8+ 1-0

[Event "Irish Championship 2019"]
[Site "Dublin IRL"]
[Date "2019.08.04"]
[Round "2.8"]
[White "Murray, David"]
[Black "Ryan, Joe"]
[Result "0-1"]
[BlackTitle "FM"]
[WhiteElo "2126"]
[BlackElo "2268"]
[WhiteICU "2121"]
[BlackICU "2281"]
[WhiteClub "Gonzaga"]
[WhiteNationality "IRL"]
[BlackNationality "IRL"]
[WhiteFideId "2501511"]
[BlackFideId "2500426"]
[PlyCount "100"]
[Venue "Talbot Hotel, Stillorgan"]
[EventDate "2019.08.03"]

{ Event information: <a
href="http://www.irlchess.com/pairings_irlch2019.html">Tournament
report</a>. }

1. e4 e6 2. d4 d5 3. Nc3 Bb4 4. e5 Qd7 5. Qg4 f5 6. Qg3 b6 7. Ne2 Ba6 8.
Nf4 Bxf1 9. Kxf1 Bf8 10. a4 Nc6 11. Be3 Nb4 12. Rc1 a5 13. Qh3 Qf7 14. g4
Ne7 15. Nb5 O-O-O 16. c3 Nbc6 17. g5 Ng6 18. Nxg6 Qxg6 19. c4 Nb4 20. Bd2
Na2 21. Ra1 f4 22. cxd5 Rxd5 23. Rg1 c6 24. Rxa2 cxb5 25. Kg2 Qe4+ 26. f3
Qxd4 27. Qxe6+ Kb7 28. Bxf4 Bc5 29. Be3 Qc4 30. Qf7+ Ka6 31. Qxg7 Bxe3 32.
b3 Qxb3 33. Qxh8 Qxa2+ 34. Kh3 bxa4 35. Qa8+ Kb5 36. Qe8+ Kb4 37. Rg4+ Rd4
38. Qe7+ Kc3 39. Rg2 Rd2 40. Rxd2 Kxd2 41. e6 Qd5 42. Kg4 Qc4+ 43. Kh5 Qf4
44. h4 Bf2 45. Kh6 Qxh4+ 46. Kg7 Bd4+ 47. Kg8 a3 48. Qxa3 Qxg5+ 49. Kf7
Qf6+ 50. Ke8 Qxe6+ 0-1

[Event "Irish Championship 2019"]
[Site "Dublin IRL"]
[Date "2019.08.04"]
[Round "2.9"]
[White "O'Gorman, Tom"]
[Black "Murphy, Conor E."]
[Result "0-1"]
[WhiteTitle "FM"]
[BlackTitle "FM"]
[WhiteElo "2229"]
[BlackElo "2315"]
[WhiteICU "2208"]
[BlackICU "2354"]
[WhiteClub "Dun Laoghaire"]
[BlackClub "Charlton ENG"]
[WhiteNationality "IRL"]
[BlackNationality "IRL"]
[WhiteFideId "2508249"]
[BlackFideId "421669"]
[PlyCount "160"]
[Venue "Talbot Hotel, Stillorgan"]
[EventDate "2019.08.03"]

{ Event information: <a
href="http://www.irlchess.com/pairings_irlch2019.html">Tournament
report</a>. }

1. e4 e5 2. Nf3 Nc6 3. Bb5 a6 4. Ba4 Nf6 5. O-O Be7 6. Re1 b5 7. Bb3 d6 8.
c3 O-O 9. h3 Nb8 10. d4 Nbd7 11. Nbd2 Bb7 12. Bc2 Re8 13. a4 Bf8 14. Bd3 c6
15. b3 g6 16. Qc2 Nh5 17. Bb2 Nf4 18. Bf1 exd4 19. g3 d3 20. Qb1 Ne6 21.
Qxd3 Nec5 22. Qc2 Ne5 23. Nd4 Qc7 24. f4 Ned7 25. axb5 cxb5 26. Bg2 Nf6 27.
Re2 d5 28. e5 Nfe4 29. Nxe4 Nxe4 30. c4 bxc4 31. bxc4 Nxg3 32. cxd5 Nxe2+
33. Qxe2 Rad8 34. Nc6 Rxd5 35. Bxd5 Bxc6 36. Bxc6 Qxc6 37. Rxa6 Qc5+ 38.
Kh2 Qb4 39. Bc1 Bc5 40. Ra3 Rc8 41. Rg3 Bf8 42. Be3 Qe4 43. Qf3 Rc2+ 44.
Kg1 Qb4 45. Rg2 Rc3 46. Re2 Qb1+ 47. Kg2 Qd3 48. f5 Rc2 49. Rxc2 Qxc2+ 50.
Kg3 gxf5 51. Qf4 h6 52. Qf2 Qe4 53. Qf4 Qd3 54. Qf3 Kh7 55. Bf4 Qb1 56. Qe3
Qa2 57. Qd3 Qe6 58. Kg2 Be7 59. Qe3 Qc6+ 60. Qf3 Qg6+ 61. Qg3 Bg5 62. Kh2
Bxf4 63. Qxf4 Qg5 64. Qf2 f4 65. Qc2+ Qg6 66. Qc3 Qe4 67. Kg1 Qe3+ 68. Qxe3
fxe3 69. Kg2 Kg6 70. Kf3 Kf5 71. Kxe3 Kxe5 72. Kf3 Kf5 73. Kg3 Kg5 74. Kf3
Kh4 75. Kg2 f6 76. Kh2 Kg5 77. Kg3 Kf5 78. Kh4 Ke5 79. Kh5 f5 80. Kxh6 f4
0-1

[Event "Irish Championship 2019"]
[Site "Dublin IRL"]
[Date "2019.08.04"]
[Round "2.10"]
[White "Brady, Stephen"]
[Black "Mirza, Diana"]
[Result "1-0"]
[WhiteTitle "FM"]
[BlackTitle "WFM"]
[WhiteElo "2282"]
[BlackElo "1973"]
[WhiteICU "2261"]
[BlackICU "1986"]
[WhiteClub "St. Benildus"]
[BlackClub "St. Michaels"]
[WhiteNationality "IRL"]
[BlackNationality "IRL"]
[WhiteFideId "2500124"]
[BlackFideId "2503999"]
[PlyCount "88"]
[Venue "Talbot Hotel, Stillorgan"]
[EventDate "2019.08.03"]

{ Event information: <a
href="http://www.irlchess.com/pairings_irlch2019.html">Tournament
report</a>. }

1. e4 e5 2. Nf3 d6 3. d4 Nf6 4. dxe5 Nxe4 5. Qd5 Nc5 6. Bg5 Be7 7. exd6
Qxd6 8. Nc3 Be6 9. Bxe7 Qxe7 10. Qg5 Qxg5 11. Nxg5 Nbd7 12. Nb5 Kd8 13.
O-O-O h6 14. Nxe6+ Nxe6 15. Be2 a6 16. Nd4 Re8 17. Bg4 Kc8 18. Rhe1 Ndf8
19. f4 c5 20. Nxe6 fxe6 21. f5 Kc7 22. fxe6 Re7 23. Rd5 b6 24. a4 a5 25.
Kd2 Rae8 26. Rde5 Kd6 27. Kd3 Ng6 28. R5e4 Rf8 29. Kc3 Rf6 30. g3 Kc6 31.
R1e2 Kd5 32. h4 Nf8 33. Re5+ Kd6 34. Kc4 Ng6 35. R5e3 Nf8 36. Kb5 Kc7 37.
c3 Ng6 38. Re4 Nf8 39. Rf4 Rxf4 40. gxf4 Ng6 41. f5 Nf4 42. Rd2 h5 43. Bd1
g6 44. Rf2 Kd6 1-0

[Event "Irish Championship 2019"]
[Site "Dublin IRL"]
[Date "2019.08.04"]
[Round "2.11"]
[White "Delaney, Killian"]
[Black "Fox, Anthony"]
[Result "1-0"]
[WhiteElo "2247"]
[BlackElo "2020"]
[WhiteICU "2214"]
[BlackICU "1982"]
[WhiteClub "Gonzaga"]
[BlackClub "Dun Laoghaire"]
[WhiteNationality "IRL"]
[BlackNationality "IRL"]
[WhiteFideId "2501570"]
[BlackFideId "2500736"]
[PlyCount "97"]
[Venue "Talbot Hotel, Stillorgan"]
[EventDate "2019.08.03"]

{ Event information: <a
href="http://www.irlchess.com/pairings_irlch2019.html">Tournament
report</a>. }

1. c4 e6 2. Nc3 d5 3. d4 Nf6 4. Nf3 Be7 5. Bf4 O-O 6. e3 c5 7. dxc5 Bxc5 8.
Qc2 Nc6 9. a3 Qa5 10. O-O-O Be7 11. g4 dxc4 12. Bxc4 e5 13. g5 exf4 14.
gxf6 Bxf6 15. Nd5 Bd8 16. h4 Bg4 17. Ng5 g6 18. Rdg1 Ne5 19. Nxh7 Kxh7 20.
h5 Kg7 21. exf4 Nxc4 22. Rxg4 Qd2+ 23. Qxd2 Nxd2 24. Kxd2 Ba5+ 25. Nc3
Rfd8+ 26. Kc2 Bxc3 27. bxc3 Rac8 28. hxg6 fxg6 29. f5 Rc6 30. Rhg1 Rf8 31.
Rxg6+ Rxg6 32. Rxg6+ Kh7 33. Rg5 Rd8 34. f6 Kh6 35. Rg7 Rd6 36. Rxb7 Rxf6
37. Rxa7 Rxf2+ 38. Kb3 Kg6 39. Re7 Kf6 40. Re1 Rh2 41. c4 Rh8 42. c5 Rb8+
43. Kc4 Ra8 44. Re3 Kf5 45. c6 Kf4 46. Rb3 Ke5 47. Kc5 Ra5+ 48. Kb6 Ra4 49.
c7 1-0

[Event "Irish Championship 2019"]
[Site "Dublin IRL"]
[Date "2019.08.04"]
[Round "2.12"]
[White "Haque, Muhtarim-Ul"]
[Black "Melaugh, Shane"]
[Result "1-0"]
[WhiteElo "2036"]
[BlackElo "2077"]
[WhiteICU "2031"]
[BlackICU "2108"]
[WhiteClub "Rathmines"]
[BlackClub "Elm Mount"]
[WhiteNationality "IRL"]
[BlackNationality "IRL"]
[WhiteFideId "2509415"]
[BlackFideId "2509580"]
[PlyCount "79"]
[Venue "Talbot Hotel, Stillorgan"]
[EventDate "2019.08.03"]

{ Event information: <a
href="http://www.irlchess.com/pairings_irlch2019.html">Tournament
report</a>. }

1. c4 e5 2. Nc3 Nf6 3. e4 Bc5 4. d3 Nc6 5. Bg5 d6 6. Nf3 h6 7. Bh4 g5 8.
Bg3 Be6 9. a3 a5 10. Rc1 Nd4 11. Nxd4 Bxd4 12. Qd2 c6 13. Be2 Nd7 14. Qd1
Qf6 15. h3 Nf8 16. Kd2 Nd7 17. Kc2 Nc5 18. Kb1 a4 19. h4 Kd7 20. Nd5 cxd5
21. cxd5 Nb3 22. dxe6+ fxe6 23. Rc2 Bc5 24. f3 Qd8 25. d4 Bxd4 26. Bb5+ Ke7
27. hxg5 hxg5 28. Rxh8 Qxh8 29. Rc7+ Kf6 30. Bxa4 Nc5 31. Bb5 Kg6 32. f4
exf4 33. Bxf4 Qf6 34. Bxd6 Qf2 35. Qe2 Qg1+ 36. Ka2 Qc1 37. e5 Kh6 38. Bxc5
Bxc5 39. Qd3 Rh8 40. Qh3+ 1-0

[Event "Irish Championship 2019"]
[Site "Dublin IRL"]
[Date "2019.08.04"]
[Round "2.13"]
[White "Carroll, Peter"]
[Black "Flynn, Jacob"]
[Result "1-0"]
[WhiteElo "2062"]
[BlackElo "1973"]
[WhiteICU "2035"]
[BlackICU "2028"]
[WhiteClub "Gonzaga"]
[BlackClub "Malahide"]
[WhiteNationality "IRL"]
[BlackNationality "IRL"]
[WhiteFideId "2510243"]
[BlackFideId "2509393"]
[PlyCount "65"]
[Venue "Talbot Hotel, Stillorgan"]
[EventDate "2019.08.03"]

{ Event information: <a
href="http://www.irlchess.com/pairings_irlch2019.html">Tournament
report</a>. }

1. e4 c6 2. d4 d5 3. e5 Bf5 4. Nd2 e6 5. g4 Bg6 6. Ne2 h6 7. h4 Nd7 8. Nf4
Bh7 9. Nb3 Ne7 10. Nh5 Qc7 11. f4 O-O-O 12. Bd3 Bxd3 13. cxd3 Kb8 14. Be3
g6 15. Ng3 h5 16. f5 hxg4 17. fxe6 Nxe5 18. dxe5 Qxe5 19. Kf2 Nf5 20. Nxf5
gxf5 21. d4 g3+ 22. Ke2 Qe4 23. Nd2 Qg2+ 24. Kd3 Bd6 25. Bg5 Rdf8 26. e7
Re8 27. Qf3 Qxf3+ 28. Nxf3 Bxe7 29. Bf4+ Kc8 30. Bxg3 Bf6 31. Be5 Bxe5 32.
Nxe5 f6 33. Nf7 1-0

[Event "Irish Championship 2019"]
[Site "Dublin IRL"]
[Date "2019.08.04"]
[Round "2.14"]
[White "O'Gorman, Alice"]
[Black "Kennedy, John P. A."]
[Result "1/2-1/2"]
[WhiteElo "1966"]
[BlackElo "2050"]
[WhiteICU "1869"]
[BlackICU "1981"]
[WhiteClub "T.C.D."]
[BlackClub "Dublin"]
[WhiteNationality "IRL"]
[BlackNationality "IRL"]
[WhiteFideId "2508214"]
[BlackFideId "2501120"]
[PlyCount "109"]
[Venue "Talbot Hotel, Stillorgan"]
[EventDate "2019.08.03"]

{ Event information: <a
href="http://www.irlchess.com/pairings_irlch2019.html">Tournament
report</a>. }

1. e4 c5 2. Nf3 d6 3. c3 g6 4. Be2 Bg7 5. O-O Nf6 6. Bb5+ Bd7 7. Bxd7+
Nbxd7 8. Re1 Qc7 9. d4 cxd4 10. cxd4 O-O 11. Nc3 e6 12. Bg5 a6 13. Rc1 Qa5
14. a3 h6 15. Bd2 Qb6 16. Na4 Qb5 17. Bb4 Nb6 18. Nc3 Qd7 19. e5 Ne8 20.
Ne4 Nc8 21. d5 a5 22. Bxd6 Ncxd6 23. Nc5 Qb5 24. exd6 Bxb2 25. a4 Qb6 26.
Nd7 Qxd6 27. Nxf8 Bxc1 28. Qxc1 Qxf8 29. dxe6 fxe6 30. Rxe6 Qf7 31. Rb6 Qg7
32. Qb1 Rd8 33. Rxg6 Rd1+ 34. Qxd1 Qxg6 35. Qd5+ Kf8 36. h3 Qb1+ 37. Kh2
Qb4 38. Qf5+ Ke7 39. Qg4 Qxg4 40. hxg4 Kd6 41. g5 hxg5 42. Nxg5 Kc5 43.
Ne4+ Kb4 44. f4 b6 45. f5 Kxa4 46. g4 Ng7 47. f6 Ne6 48. g5 Nf8 49. Kg3 Kb3
50. Kf4 a4 51. Kf5 a3 52. g6 Nxg6 53. Kxg6 a2 54. f7 a1=Q 55. f8=Q 1/2-1/2